Kokinshuu : colección de poemas japoneses antiguos y modernos : el canon del clasicismo /

Antología de poesía de los siglos IX y X que representa la asimilación de los principios poéticos chinos en la literatura japonesa. En ella se encuentran el germen de los valores estéticos de la futura producción literaria nipona.

Gespeichert in:
Bibliographische Detailangaben
1. Verfasser: Rubio, Carlos (selección)
Format: Buch
Sprache:Spanisch
Veröffentlicht: Madrid, España : Hiperión, 2005, c2005
Schriftenreihe:(Poesía Hiperión ; 505)
Schlagworte:
Tags: Tag hinzufügen
Keine Tags, Fügen Sie das erste Tag hinzu!

MARC

LEADER 00000nam^a2200000^a^4500
001 000191158
005 20250521000000.0
009 20260310102516.821
020 |a 84-7517-846-4 
037 |a Acervo ITESO - Biblioteca 
041 |a ESP 
082 |a 859. 6  |b RUB 
100 |a Rubio, Carlos  |e (selección) 
245 1 0 |a Kokinshuu :  |b colección de poemas japoneses antiguos y modernos : el canon del clasicismo /  |c Selec., introd., notas y tr. por C. Rubio ; pról. de Ki No Tsurayuki. 
264 4 |a Madrid, España :  |b Hiperión,  |c 2005, c2005 
300 |a 248 p. 
336 |a texto  |b txt  |2 rdacontenido 
337 |a sin mediación  |b n  |2 rdamedio 
338 |a volumen  |b nc  |2 rdasoporte 
440 1 |a (Poesía Hiperión ;  |v 505) 
520 |a Antología de poesía de los siglos IX y X que representa la asimilación de los principios poéticos chinos en la literatura japonesa. En ella se encuentran el germen de los valores estéticos de la futura producción literaria nipona. 
546 |a Edición bilingüe español-portugués 
649 |a XX 
650 |a Poética 
650 |a Retórica 
650 |a Poesía Japonesa 
650 |a Literatura Japonesa -  |y Siglo IX 
650 |a Literatura Japonesa -  |y Siglo X 
650 |a Literatura Japonesa -  |x Historia y Crítica 
910 |a Fondo General 
920 |a Impresos - Libros 
930 |a Colección General 
940 |a Literatura 
905 |a 101 
901 |a 0500134573  |b IT1  |c LIT  |u 20250521 
902 |a https://opac.biblio.iteso.mx/vufind/Record/000191158